MLB Player Career Path's - Statistics

General Stats
  • This quiz has been taken 27 times
  • The average score is 7 of 16
Answer Stats
Picture Answer % Correct
Nick Castellanos
88%
Andrew McCutchen
81%
Ichiro Suzuki
73%
Prince Fielder
69%
Carlos Beltran
62%
Curt Schilling
62%
Russell Martin
62%
Trevor Bauer
50%
Billy Wagner
35%
Matt Kemp
31%
Johnny Damon
23%
Blake Snell
19%
Nathan Eovaldi
19%
Rafael Palmeiro
19%
Walker Buehler
12%
Scott Kazmir
0%
No matching quizzes found
Score Distribution
Percent of People with Each Score
Percentile by Number Answered
Your Score History
You have not taken this quiz